| 000 | 01184nas a2200373 4500 | ||
|---|---|---|---|
| 001 | BR2018001266 | ||
| 003 | BR-BrBNA | ||
| 005 | 20231205131340.0 | ||
| 007 | ta | ||
| 008 | 230509b bl.|||p| |||| 00| 00por d | ||
| 040 |
_aBR-BrBNA _bpor _cBiblioteca Nacional de Agricultura |
||
| 041 | _a(En) | ||
| 072 | _aL73 | ||
| 100 | 1 | _aGuerreiro, A.N. | |
| 100 | 1 | _aMoraes, C.C.G. | |
| 100 | 1 | _aMarinho, A.N.R. | |
| 100 | 1 | _aBarros, B.C.V. | |
| 100 | 1 | _aBezerra, D.A.M. | |
| 100 | 1 | _aBandeira, R.S. | |
| 100 | 1 | _aSilva, R.R. | |
| 100 | 1 | _aRocha, D.C.C. | |
| 100 | 1 | _aMenezes, A.M.C. | |
| 100 | 1 | _aLuz, M.A. | |
| 100 | 1 | _aPaz, G.S. | |
| 100 | 1 | _aMascarenhas, J.D.P. | |
| 245 | 1 | _aInvestigation of enteric viruses in the feces of neotropical migratory birds captured on the coast of the state of Pará, Brazil | |
| 650 | _aAVE SELVAGEM | ||
| 650 | _aROTAVIRUS | ||
| 650 | _aZOONOSE | ||
| 773 | 0 |
_tBrazilian Journal of Poultry Science (Brazil) _xISSN 1806-9061 _g(Jan-Mar 2018), v. 20(1) p. 161-168 _wBR2018001266 |
|
| 856 | 4 | 0 | _uhttp://www.scielo.br/pdf/rbca/v20n1/1516-635X-rbca-20-01-00161.pdf |
| 909 |
_a202311 _bLúcia _c55 _dLúcia Elande |
||
| 942 |
_2AGRIS _n0 _cANA |
||
| 999 |
_c254325 _d254325 |
||